UNCTAD.II. A step forward (Record no. 21680)

MARC details
000 -LEADER
fixed length control field 00289nam a2200109Ia 4500
082 ## - DEWEY DECIMAL CLASSIFICATION NUMBER
Classification number 339.5
Item number SHO;3
100 ## - MAIN ENTRY--AUTHOR NAME
Personal name SHOURIE, H D
245 #0 - TITLE STATEMENT
Title UNCTAD.II. A step forward
260 ## - PUBLICATION, DISTRIBUTION, ETC. (IMPRINT)
Place of publication New Delhi
Name of publisher Indian Inst of Foreign Trade
Year of publication 1968
942 ## - ADDED ENTRY ELEMENTS (KOHA)
Koha item type Books
Holdings
Withdrawn status Lost status Damaged status Not for loan Home library Current library Date acquired Source of acquisition Full call number Accession Number Koha item type
        RRII Library RRII Library 16/12/2021 Auction 339.5 SHO;3 02397 Books